| 000 | 00641nam a22001937a 4500 | ||
|---|---|---|---|
| 005 | 20241023121246.0 | ||
| 010 | _aENG-142336 | ||
| 020 |
_a9789391517311 _c200.00 |
||
| 035 | _aEN-125868 | ||
| 037 | _bDBAD | ||
| 082 |
_a305.56880954 _2Third |
||
| 100 |
_aRao, Kaki Madhava _973214 |
||
| 245 |
_aBreaking Barriers: _cBy Kaki Madhava Rao _bThe story of a Dalit Chief Secretary |
||
| 250 | _a3 | ||
| 260 |
_aTelangana _bEMESCO BOOKS Pvt. Ltd. _c2023 |
||
| 270 |
_a1-2-7, Banoo Colony, Gagan Mahal Road, Domalguda _bHyderabad, Telangana _e500029 |
||
| 300 |
_a328p. _c22cm(pb) |
||
| 942 |
_2ddc _cEN _mRAO _h305.56880954 _eThird |
||
| 999 |
_c206607 _d206607 |
||